The Holy Quran (Record no. 347366)
[ view plain ]
| 000 -LEADER | |
|---|---|
| fixed length control field | 00331 a2200133 4500 |
| 082 ## - DEWEY DECIMAL CLASSIFICATION NUMBER | |
| Classification number | 297.1227 |
| 090 ## - LOCALLY ASSIGNED LC-TYPE CALL NUMBER (OCLC); LOCAL CALL NUMBER (RLIN) | |
| -- | 4937 |
| -- | 4937 |
| 100 ## - MAIN ENTRY--PERSONAL NAME | |
| Personal name | Ali,Abdullah Yusuf |
| 245 ## - TITLE STATEMENT | |
| Title | The Holy Quran |
| Statement of responsibility, etc. | Abdullah Yusuf Ali |
| 260 ## - PUBLICATION, DISTRIBUTION, ETC. | |
| Place of publication, distribution, etc. | Lahore |
| Name of publisher, distributor, etc. | Sh.Muhammad Ashraf |
| Date of publication, distribution, etc. | 1979 |
| 300 ## - PHYSICAL DESCRIPTION | |
| Extent | 1754p |
| 500 ## - GENERAL NOTE | |
| General note | Hard cover |
| 942 ## - ADDED ENTRY ELEMENTS (KOHA) | |
| Institution code [OBSOLETE] | NBS |
| Koha item type | Book |
| Call number prefix | 297.1227 QUR |
| Withdrawn status | Lost status | Damaged status | Not for loan | Permanent Location | Current Location | Shelving location | Date acquired | Total Checkouts | Full call number | Barcode | Date last seen | Price effective from | Koha item type | Source of classification or shelving scheme | Total Renewals | Date last checked out |
|---|---|---|---|---|---|---|---|---|---|---|---|---|---|---|---|---|
| Central Library (CL) | Central Library (CL) | First Floor - Islam | 08/28/2013 | 297.1227 QUR | NBS3358 | 08/28/2013 | 08/28/2013 | Book | ||||||||
| NUST Law School (NLS) | NUST Law School (NLS) | First Floor - Islam | 08/28/2013 | 2 | 297.1227 QUR | NBS3359 | 12/05/2024 | 08/28/2013 | Book | 6 | 07/31/2024 |
